Statistics for All Cricket Fielding Positions

Click here to take the quiz!

General Stats

  • This quiz has been taken 134 times
    (31 since last reset)
  • The average score is 22 of 75

Answer Stats

Answer% Correct
Cover
81%
Mid On
76%
Wicket Keeper
76%
First Slip
71%
Mid Off
71%
Second Slip
71%
Third Man
71%
Third Slip
71%
Fourth Slip
67%
Long Off
67%
Point
67%
Bowler
62%
Mid Wicket
62%
Deep Mid Wicket
57%
Extra Cover
57%
Fifth Slip
52%
Long On
52%
Silly Point
52%
Square Leg
48%
Deep Cover
43%
Deep Square Leg
43%
Eighth Slip
43%
Fine Leg
43%
Ninth Slip
43%
Seventh Slip
43%
Short Leg
43%
Sixth Slip
43%
Fly Slip
33%
Silly Mid Off
33%
Silly Mid On
33%
Backward Point
29%
Backward Square Leg
24%
Cover Point
24%
Deep Extra Cover
24%
Long Leg
24%
Short Mid Off
24%
Short Mid On
24%
Short Mid Wicket
24%
Short Third Man
24%
Deep Backward Square Leg
19%
Deep Fine Leg
19%
Deep Mid Off
19%
Deep Mid On
19%
Short Cover
19%
Deep Backward Point
14%
Fifth Gully
14%
First Gully
14%
Fourth Gully
14%
Second Gully
14%
Straight Hit
14%
Third Gully
14%
Deep Third Man
10%
First Leg Slip
10%
Forward Square Leg
10%
Leg Gully
10%
Long Stop
10%
Second Leg Slip
10%
Short Extra Cover
10%
Short Fine Leg
10%
Short Square Leg
10%
Backward Short Leg
5%
Deep Cover Point
5%
Deep Forward Square Leg
5%
Forward Point
5%
Third Leg Slip
5%
Wide Long Off
5%
Wide Long On
5%
Deep Forward Mid Wicket
0%
Fine Third Man
0%
Forward Short Leg
0%
Square Short Leg
0%
Square Third Man
0%
Straight Fine Leg
0%
Straight Long Off
0%
Straight Long On
0%

Score Distribution

Percentile by Number Answered

Percent of People with Each Score

Your Score History

You have not taken this quiz since the last reset